000 00722nam a2200253Ia 4500
003 OSt
005 20220925215211.0
006 a|||||r|||| 00| 0
007 ta
008 220923b |||||||| |||| 00| 0 eng d
020 _a0 435 82888 6
037 _cGeneral Book
040 _aRTL
_cRTL
_beng
041 _2eng
_aeng
082 _aY:45.1(X).N7, M2
100 _aSumner Colin Ed.
_9282389
245 0 _aCrime, justice and underdevelopment
260 _aLondon
_bHeinemann
_c1982
300 _axvi, 345p
_ccm.
490 _aCambridge Studies in Criminology. 46
650 _aSocial Crime
_9233199
942 _hY:45.1(X).N7, M2
_cGB
_2CC
999 _c568205
_d568205